ការស្ទាបស្ទង់អំពីថ្នាំពុលកសិកម្មនិងទំលាប់នៃការប្រើប្រាស់របស់កសិករខេត្តបន្ទាយមានជ័យ (Record no. 219)

000 -LEADER
fixed length control field 00624nam a22001577a 4500
003 - CONTROL NUMBER IDENTIFIER
control field OSt
005 - DATE AND TIME OF LATEST TRANSACTION
control field 20150910140116.0
008 - FIXED-LENGTH DATA ELEMENTS--GENERAL INFORMATION
fixed length control field 150910b xxu||||| |||| 00| 0 eng d
040 ## - CATALOGING SOURCE
Transcribing agency RUA
082 ## - DEWEY DECIMAL CLASSIFICATION NUMBER
Classification number AGR មាន 1995 B013 Or.1
100 ## - MAIN ENTRY--PERSONAL NAME
9 (RLIN) 234
Personal name មាន ​ចេតនា
245 ## - TITLE STATEMENT
Title ការស្ទាបស្ទង់អំពីថ្នាំពុលកសិកម្មនិងទំលាប់នៃការប្រើប្រាស់របស់កសិករខេត្តបន្ទាយមានជ័យ
260 ## - PUBLICATION, DISTRIBUTION, ETC. (IMPRINT)
Place of publication, distribution, etc. Phnom Penh
Name of publisher, distributor, etc. RUA
Date of publication, distribution, etc. 1995
300 ## - PHYSICAL DESCRIPTION
Extent 52p.
Other physical details ill.
Dimensions 29cm.
942 ## - ADDED ENTRY ELEMENTS (KOHA)
Source of classification or shelving scheme
Koha item type AGR
Holdings
Price effective from Date last seen Permanent Location Not for loan Date acquired Source of classification or shelving scheme Koha item type Lost status Withdrawn status Total Renewals Date last checked out Total Checkouts Shelving location Damaged status Barcode Current Location Full call number
2015-09-102023-11-20Library Block B 2015-09-10 AGR   2023-10-251B013 RUA004465Library Block BAGR មាន 1995 B013 Or.1
2015-09-102015-09-10Library Block B 2015-09-10 AGR     B013 RUA003477Library Block BAGR មាន 1995 B013 Or.2
2015-09-102015-09-10Library Block B 2015-09-10 AGR     B013 RUA003549Library Block BAGR មាន 1995 B013 Or.3
2015-09-102015-09-10Library Block B 2015-09-10 AGR     B013 RUA003457Library Block BAGR មាន 1995 B013 Or.4
2015-09-102015-09-10Library Block B 2015-09-10 AGR     B013 RUA003183Library Block BAGR មាន 1995 B013 Or.5
2015-09-102015-09-10Library Block B 2015-09-10 AGR     B013 RUA003255Library Block BAGR មាន 1995 B013 Or.6
2015-09-102015-09-10Library Block B 2015-09-10 AGR     B013 RUA003330Library Block BAGR មាន 1995 B013 Or.7
2015-09-102019-01-23Library Block B 2015-09-10 AGR  12018-12-061B013 RUA003258Library Block BAGR មាន 1995 B013 Or.8
2016-01-262016-01-26Library Block B 2016-01-26 AGR       RUA043572Library Block BAGR មាន 1995 B013 Or.9
មជ្ឈមណ្ឌលឯការនៃសាកលវិទ្យាល័យភូមិន្ទកសិកម្មចំការដូង

Powered by Koha